000 00717nam a2200241Ia 4500
003 OSt
005 20220918201409.0
006 a|||||r|||| 00| 0
007 ta
008 220917b |||||||| |||| 00| 0 eng d
024 _a93,661
037 _cTextual
040 _aARTS
_cARTS
_beng
041 _2eng
_aeng
082 _aV1N4:19.N, M8
100 _aRoberts Adam Ed.
_998557
245 0 _aUnited Nations divided World
_b The U N's roles in international relations
260 _aOxford
_bClarendon Press
_c1988
650 _aHISTORY
700 _a Kingsbury Benedict Ed.
_998558
942 _hV1N4:19.N, M8
_cTEXL
_2CC
999 _c217303
_d217303